00593cam a22002171 4500001001300000003000400013005001700017008004100034010001700075035002000092040001800112042001200130050001800142100004300160245005300203260001100256300003100267500001500298650002000313700004200333ne 64000531 DLC20260227111756.0890111s1962 xx a 000 0 ara  ane 64000531  a(OCoLC)23523842 aDLCcMiUdDLC apremarc00aHJ191.A72bS21 aSaʻīd, Jamāl al-Dīn Muḥammad.10aIqtiṣādīyāt al-mālīyah al-ʻāmmah. c[1962] a5, 559 p.bdiagrs.c24 cm. aRomanized. 0aFinance, Public2 aʻAbd al-Malik, Minays Asʻad,d1915-